[Event "Dimitrovgrad Summer op"]
[Site "Dimitrovgrad"]
[Date "2013.07.07"]
[Round "9"]
[White "Suhachev, Viktor"]
[Black "Abrashkov, Vadim"]
[Result "1/2-1/2"]
[WhiteElo "1966"]
[BlackElo "1509"]
[PlyCount "78"]
[EventDate "2013.06.22"]
[EventType "swiss"]
[EventRounds "9"]
[EventCountry "RUS"]
[SourceTitle "EXT 2014"]
[Source "ChessBase"]
[SourceDate "2013.11.20"]
[SourceVersion "1"]
[SourceVersionDate "2013.11.20"]
[SourceQuality "1"]

1. c4 e5 2. Nc3 Nf6 3. Nf3 Nc6 4. d4 exd4 5. Nxd4 Nxd4 6. Qxd4 Bb4 7. Bg5 d6 8. 0-0-0 Be6 9. Ne4 Bc5 10. Nxc5 dxc5 11. Qxc5 Qe7 12. Qxe7+ Kxe7 13. e3 Rhd8 14. Be2 h6 15. Bh4 c6 16. Bxf6+ Kxf6 17. b3 Rdc8 18. Bf3 a5 19. Rd4 Ra7 20. Kb2 g5 21. Rhd1 Ke7 22. Rc1 c5 23. Rd2 b6 24. a4 Rd7 25. Rcd1 Rcd8 26. Rxd7+ Rxd7 27. Rxd7+ Kxd7 28. Be4 Kd6 29. f4 f5 30. Bd3 g4 31. e4 fxe4 32. Bxe4 Ke7 33. Kc3 Kf6 34. Kd2 Bd7 35. Ke3 Be6 36. Bd3 Bd7 37. Kf2 h5 38. Be4 h4 39. g3 h3 1/2-1/2

[Event "Dimitrovgrad Petrosian Memorial op"]
[Site "Dimitrovgrad"]
[Date "2011.07.03"]
[Round "9"]
[White "Suhachev, Viktor"]
[Black "Ulanov, Sergei"]
[Result "0-1"]
[WhiteElo "1947"]
[BlackElo "2143"]
[PlyCount "60"]
[EventDate "2011.06.18"]
[EventType "swiss"]
[EventRounds "9"]
[EventCountry "RUS"]
[SourceTitle "EXT 2012"]
[Source "ChessBase"]
[SourceDate "2011.11.24"]
[SourceVersion "1"]
[SourceVersionDate "2011.11.24"]
[SourceQuality "1"]

1. e4 c5 2. b3 Nf6 3. e5 Nd5 4. Nf3 Nc6 5. Bb5 Qb6 6. a4 e6 7. Na3 a6 8. Nc4 Qc7 9. Bxc6 Qxc6 10. a5 Be7 11. 0-0 f5 12. Bb2 0-0 13. d4 cxd4 14. Nxd4 Qc7 15. Re1 b5 16. axb6 Nxb6 17. Nxb6 Qxb6 18. Ba3 Bxa3 19. Rxa3 Bb7 20. Ra4 Rac8 21. Qd3 Rc5 22. b4 Rd5 23. c3 Rc8 24. Ra3 Qc7 25. f4 a5 26. b5 Rc5 27. Rc1 Be4 28. Qe3 Rc4 29. h3 Qc5 30. Rxa5 Rxd4 0-1

[Event "Dimitrovgrad-ch op"]
[Site "Dimitrovgrad"]
[Date "2010.03.07"]
[Round "5"]
[White "Akimov, Gennadiy"]
[Black "Suhachev, Viktor"]
[Result "1-0"]
[WhiteElo "1994"]
[BlackElo "1943"]
[PlyCount "47"]
[EventDate "2010.02.27"]
[EventType "swiss"]
[EventRounds "9"]
[EventCountry "RUS"]
[SourceTitle "EXT 2022"]
[Source "ChessBase"]
[SourceDate "2021.10.06"]
[SourceVersion "1"]
[SourceVersionDate "2021.10.06"]
[SourceQuality "1"]

1. b4 e5 2. Bb2 d6 3. e3 Be6 4. Nf3 a5 5. b5 c6 6. c4 Nf6 7. Be2 h6 8. 0-0 Be7 9. d4 e4 10. Nfd2 d5 11. a4 0-0 12. Nc3 dxc4 13. Nxc4 Bb4 14. Ne5 Qd6 15. f4 Bxc3 16. Bxc3 Nd5 17. Bd2 cxb5 18. Bxb5 Na6 19. f5 Bc8 20. Nc4 Qf6 21. Nxa5 Qg5 22. Qe1 Nac7 23. h4 Qg4 24. Be2 1-0